00387 a2200133 4500003000500000005001700005040000900022082001200031100002800043245012600071260001400197300001300211538002900224Nust20170207153220.0 cNust a621.382 aRiaz, Sharjeel MSEE-11 aMicrocellular propagation prediction modelling using full wave based semi-deterministic techniquecSharjeel Riaz MSEE-11 bMCSc2008 av, 83 p. aAlmirah No 69 Shelf No 2